Blood and the soil : a portrait of Dr. Ong Chong Keng

Bibliographic Details
Main Author: Ong, Pamela Siew Im
Format: Book
Published: Singapore : Times Books International , 1995
Subjects:

MARC

LEADER 00000cam a2200000 7i4500
001 0000020360
005 20080625.0
008 080625
020 |a 9812046038 
090 0 0 |a 959.505   |b ONG 
100 1 |a Ong, Pamela Siew Im 
245 1 0 |a Blood and the soil :   |b a portrait of Dr. Ong Chong Keng   |c Pamela Ong Siew Im 
260 |a Singapore :   |b Times Books International ,   |c 1995 
650 0 |a Malaya   |x politics and government 
650 0 |a Ong, Chong Keng, 1904-1948 
650 0 |a Statesman   |z Malaysia   |x biography 
999 |a 0001028093   |b Book   |c Adult Collection   |e Perbadanan Perpustakaan Awam Johor 
999 |a 0001028094   |b Book   |c Adult Collection   |e Cawangan Tmn. Ungku Tun Aminah 
999 |a 0001028095   |b Book   |c Adult Collection   |e Cawangan Tmn. Ungku Tun Aminah